LEADER 00856nam0-22003011i-450- 001 990000052580403321 035 $a000005258 035 $aFED01000005258 035 $a(Aleph)000005258FED01 035 $a000005258 100 $a20011111d--------km-y0itay50------ba 101 0 $aita 105 $ay-------001yy 200 1 $aElaborazione statistica dei risultati sperimentali$fP. R. Oliva , F. Terrasi. 210 $aNapoli$cLiguori$d1976 215 $a372 p.$cill.$d23 cm 610 0 $aStatistica$aMetodi 676 $a001.422 700 1$aOliva,$bP.R.$0331994 702 1$aTerrasi,$bFilippo 801 0$aIT$bUNINA$gRICA$2UNIMARC 901 $aBK 912 $a990000052580403321 952 $a13 F 23 16$b30413$fFINBC 959 $aFINBC 996 $aElaborazione statistica dei risultati sperimentali$9112046 997 $aUNINA DB $aING01 LEADER 01144nam a22002771i 4500 001 991004076829707536 005 20031008155059.0 008 031111s1990 it |||||||||||||||||ita 035 $ab12516454-39ule_inst 035 $aARCHE-054972$9ExL 040 $aDip.to Lingue$bita$cA.t.i. Arché s.c.r.l. Pandora Sicilia s.r.l. 082 04$a808.801 100 1 $aWaentig, Peter W.$0457333 245 10$aRealismo letterario in Italia, Francia e Germania :$bteorie e tradizioni narrative nell'Otto e Novecento /$cPeter W. Waentig 260 $aRavenna :$bEdizioni del Girasole,$c1990 300 $a171 p. ;$c21 cm 650 4$aLetteratura narrativa$ySec. 19.-20. 650 4$aRealismo (Letteratura)$zFrancia 650 4$aRealismo (Letteratura)$zItalia 650 4$aRealismo (Letteratura)$zGermania 907 $a.b12516454$b02-04-14$c13-11-03 912 $a991004076829707536 945 $aLE012 808.801 2 WAE$g1$i2012000158375$lle012$o-$pE0.00$q-$rl$s- $t0$u2$v1$w2$x0$y.i12955656$z13-11-03 996 $aRealismo letterario in Italia, Francia e Germania$9184088 997 $aUNISALENTO 998 $ale012$b13-11-03$cm$da $e-$fita$git $h0$i1 LEADER 02935nam 2200565 450 001 9910809229703321 005 20220824061834.0 010 $a0-8218-9102-2 035 $a(CKB)3240000000070101 035 $a(EBL)3113361 035 $a(SSID)ssj0000712449 035 $a(PQKBManifestationID)11476579 035 $a(PQKBTitleCode)TC0000712449 035 $a(PQKBWorkID)10645283 035 $a(PQKB)11017903 035 $a(MiAaPQ)EBC3113361 035 $a(RPAM)17327490 035 $a(PPN)197102212 035 $a(EXLCZ)993240000000070101 100 $a20120601h20122012 uy| 0 101 0 $aeng 135 $aur|n|---||||| 181 $ctxt 182 $cc 183 $acr 200 10$aRecent advances in orthogonal polynomials, special functions, and their applications $e11th International Symposium on Orthogonal Polynomials, Special Functions, and Their Applications, August 29-September 2, 2011, Universidad Carlos III de Madrid, Leganes, Spain /$fJ. Arvesu?, G. Lopez Lagomasino, editors 210 1$aProvidence, Rhode Island :$cAmerican Mathematical Society,$d[2012] 210 4$d©2012 215 $a1 online resource (266 p.) 225 1 $aContemporary mathematics,$v578$x0271-4132 300 $aDescription based upon print version of record. 311 $a0-8218-6896-9 320 $aIncludes bibliographical references and index. 327 $aIntroduction -- Preface -- Life and work (so far) of Paco Marcellán -- Asymptotics of _{ }-norms of Hermite polynomials and Rényi entropy of Rydberg oscillator states -- The next-order term for optimal Riesz and logarithmic energy asymptotics on the sphere -- Spectral transformations of hermitian linear functionals -- Numerical study of higher order analogues of the Tracy-Widom distribution -- Comb functions -- Orthogonality relations for bivariate Bernstein-Szeg? measures -- Quantum walks and CMV matrices -- Discrete beta ensembles based on Gauss type quadratures -- Heine, Hilbert, Padé, Riemann, and Stieltjes: John Nuttall?s work 25 years later -- Orthogonal Polynomials and -curves -- Fast decreasing and orthogonal polynomials -- 410 0$aContemporary mathematics (American Mathematical Society).$v578$x0271-4132 606 $aFunctions of complex variables$vCongresses 615 0$aFunctions of complex variables 676 $a515/.9 686 $a30E05$a30E10$a30E15$a33-XX$a42C05$a42C10$a41A20$a41A21$a41A25$a41A30$2msc 702 $aArvesu?$b Jorge$f1968- 702 $aLopez Lagomasino$b Guillermo$f1948- 702 $aMarcella?n$b Francisco 712 12$aInternational Symposium on Orthogonal Polynomials, Special Functions and Applications 801 0$bMiAaPQ 801 1$bMiAaPQ 801 2$bMiAaPQ 906 $aBOOK 912 $a9910809229703321 996 $aRecent advances in orthogonal polynomials, special functions, and their applications$9841263 997 $aUNINA